| 000 | 01017nam a22002777a 4500 | ||
|---|---|---|---|
| 003 | dpl | ||
| 005 | 20180718141555.0 | ||
| 008 | 180718b xxu||||| |||| 00| 0 eng d | ||
| 010 | _aA-699092 | ||
| 020 | _c60.00 | ||
| 035 | _aA-699092, A-699100 | ||
| 037 | _bCen Lib/Ret | ||
| 040 |
_aDPL _bHN _c0 |
||
| 082 |
_aक _bयशपा |
||
| 100 |
_aयशपाल _96954 |
||
| 245 |
_aपिंजड़े की उड़ान / _cयशपाल |
||
| 246 |
_aPinjade ki udan _b by Yashpal |
||
| 260 |
_aइलाहाबाद _bलोकभारती प्रकाशन _c1993 |
||
| 270 |
_a15-ए , महात्मा गाँधी मार्ग _bइलाहाबाद |
||
| 300 |
_a111पृष्ठ. _c20सेमी(सजिल्द) |
||
| 650 |
_aहिंदी साहित्य _969301 |
||
| 650 |
_aहिंदी कहानी _969302 |
||
| 650 |
_aHindi literature _969303 |
||
| 650 |
_aHindi story _943117 |
||
| 942 |
_2ddc _cHN _hक _mयशपाल |
||
| 999 |
_c116966 _d116966 |
||